| 000 | 00690nam a2200217 i 4500 | ||
|---|---|---|---|
| 001 | 49394 | ||
| 003 | ES-MaACL | ||
| 005 | 20260129170020.0 | ||
| 007 | t| | ||
| 008 | 030715s1954 sp 00110 spa d | ||
| 100 | 1 |
_aCorts Grau, José. _940959 |
|
| 245 | 1 | 0 |
_aEstudios filosóficos y literarios / _cJosé Corts Grau. |
| 260 |
_aMadrid : _bRialp, _c1954 ( _fSamarán) |
||
| 300 |
_a371 p. ; _c19 cm. |
||
| 490 | 1 |
_aBiblioteca del pensamiento actual ; _v23 |
|
| 650 | 7 |
_aLiteratura y filosofía _2embne _9158296 |
|
| 650 |
_aLiteratura- _xFilosofía. _914488 |
||
| 830 | 1 |
_aBiblioteca del pensamiento actual _v23 _9181187 |
|
| 852 |
_aES-MaACL _jC-8428 |
||
| 999 |
_c49394 _d49394 |
||